Celebrity Deaths 1300-1399 - Statistics

General Stats
  • This quiz has been taken 89 times
  • The average score is 6 of 15
Answer Stats
Hint Year Answer % Correct
Venetian merchant, explorer, and writer who traveled along the Silk Road 1324 Marco Polo
89%
Author of the Divine Comedy 1321 Dante Alighieri
78%
Knight and the leader during the First War of Scottish Independence 1305 William Wallace
78%
King of the Mali Empire while it was the source of almost half the world's gold 1347 Mansa Musa
61%
King of England whose claim to the throne of France resulted in the Hundred Years' War 1377 Edward III
57%
First King of Bohemia to become Holy Roman Emperor 1378 Charles IV
43%
King of France during the Hundred Years War 1350 Philip VI
28%
Author of the earthy tales in the Decameron 1375 Giovanni Boccaccio
26%
First of the great Italian masters of painting 1337 Giotto
22%
Founding of Renaissance humanism 1374 Francesco Petrarca
19%
Moorish Maghrebi explorer who traveled in the lands of Afro-Eurasia 1368/69 Ibn Battuta
19%
Ottoman Sultan whose army defeated Serbia in the Battle of Kosovo 1389 Murad I
17%
English theologian who directed a translation of the Bible into English 1384 John Wycliffe
13%
Serbian knight in the service of Prince Lazar during the Ottoman invasion 1389 Miloš Obilić
7%
Queen consort and regent of the Kingdom of England 1358 Isabella of France
4%
No matching quizzes found
Score Distribution
Percent of People with Each Score
Percentile by Number Answered
Your Score History
You have not taken this quiz